000 00508nam a22002057a 4500
005 20260423170345.0
008 260423b |||||||| |||| 00| 0 eng d
037 _cDSWL
040 _aDSWL
_cDSWL
041 _heng
100 _aSingh, Katar
245 _aRural development
250 _a4th
260 _aNew Delhi,
_bSage Publication,
_c2016
300 _a335p
365 _aINR
_b425
700 _aAnil Shishodia
942 _2CC
_cTEXL
_n0
999 _c1848474
_d1848474